1887 1288 1692 1382 1846 1841 1344 1088 1549 1780 1397 1112 1909 1096 1028 1552 1134 1105 1080 1219 1005 1107 1904 1557 1525 1516 1073 1282 1912 1774 1070 1855 1166 1030 1446 1171 1309 1802 1475 1666 1696 1924 1810 1750 1584 1662 1850 1859 1476 1262 1139 1375 1713 1662 1536 1188 1510 1000 1317 1041 1274 1555 1220 1139 1303 1619 1835 1891 1171 1735 1881 1940 1034 1710 1690 1252 1455 1087 1221 1371 1629 1966 1985 1011 1409 1864 1670 1680 1742 1056 1141 1396 1116 1270 1712 1862 1631 1805 1684 BCNSPRNW ULIB Ver.6.0+V

เปลี่ยนเป็นภาษาไทย

Change to English
 แสดงรายละเอียดบรรณานุกรม
  กลับหน้าหลัก

Brief Record : Get Marc (ISO 2709) : E-mail record : QR code < ปิดหน้าต่าง
LEADER : 00000nam 2200000uu 4500
001    13399121486
003     ULIB
008    121121s2550||||th 000 0 tha d
020    ^a974838098X
020    ^a9789748380988
060 00 ^aW20^bส691
245 00 ^aรายงานประจำปี ... :^bสถาบันพระบรมราชชนก กระทรวงสาธารณสุข = Annual report ... : Praboromarajchanok Institute for Health Warkforce Development Ministry of Public Health /^cสถาบันพระบรมราชชนก กระทรวงสาธารณสุข ; [วิเคราะห์/เรียบเรียง อัฏฐพร หิรัญพฤกษ์ ... และคนอื่น ๆ]
246 3  ^aAnnual report ... : Praboromarajchanok Institute for Health Warkforce Development Ministry of Public Health
260    ^aนนทบุรี :^bสถาบันพระบรมราชชนก กระทรวงสาธารณสุข,^c2549-
300    ^aล. :^bภาพประกอบ (ภาพสีบางภาพ)
500    ^aห้องสมุดมี: ปี 2549, 2551
610 07 ^aสถาบันพระบรมราชชนก^xรายงานประจำปี
700 0  ^aอัฏฐพร หิรัญพฤกษ์
710 2  ^aกระทรวงสาธารณสุข^bสถาบันพระบรมราชชนก
945    ^p0^l0^i14412
945    ^p0^l0^i14413
945    ^p0^l0^i14414
945    ^p0^l0^i14415
945    ^p0^l0^i14416
995    ^aวิภา
999    ^aวิภา
รายการนี้ยังไม่มีแท็ก
คุณยังไม่ได้ล็อกอิน คุณสามารถมีกิจกรรมร่วมกับเว็บไซต์ได้ แต่ต้องล็อกอินก่อน ::
  ล็อกอิน

รายการสื่อสารสนเทศ

ลำดับที่ ประเภท เลขเรียก/บาร์โค้ด สถานที่ สถานะ
1. วิทยาศาสตร์การแพทย์ และสุขภาพ
วิทยาศาสตร์การแพทย์ และสุขภาพ
W20 ส691  
  Barcode: 14412
ห้องสมุดวิทยาเขตสวรรค์ประชารักษ์
►หนังสือทั่วไป
บนชั้น
2. วิทยาศาสตร์การแพทย์ และสุขภาพ
วิทยาศาสตร์การแพทย์ และสุขภาพ
W20 ส691 ฉ.2 
  Barcode: 14413
ห้องสมุดวิทยาเขตสวรรค์ประชารักษ์
►หนังสือทั่วไป
บนชั้น
3. วิทยาศาสตร์การแพทย์ และสุขภาพ
วิทยาศาสตร์การแพทย์ และสุขภาพ
W20 ส691 ฉ.3 
  Barcode: 14414
ห้องสมุดวิทยาเขตสวรรค์ประชารักษ์
►หนังสือทั่วไป
บนชั้น
4. วิทยาศาสตร์การแพทย์ และสุขภาพ
วิทยาศาสตร์การแพทย์ และสุขภาพ
W20 ส691 ฉ.4 
  Barcode: 14415
ห้องสมุดวิทยาเขตสวรรค์ประชารักษ์
►หนังสือทั่วไป
บนชั้น
5. วิทยาศาสตร์การแพทย์ และสุขภาพ
วิทยาศาสตร์การแพทย์ และสุขภาพ
W20 ส691 ฉ.5 
  Barcode: 14416
ห้องสมุดวิทยาเขตสวรรค์ประชารักษ์
►หนังสือทั่วไป
บนชั้น

BibComment


ยังไม่เคยถูกคอมเมนท์

คอมเมนท์ทรัพยากรรายการนี้
  คอมเมนท์: รายงานประจำปี ..


 Copyright 2026. Bcnsprnw @Library